000 00906nam a2200265 a 4500
008
020 _a0960326278 (cased)
049 _aMAIN
090 _aHG221
100 1 _aBeckwith, Burnham P.
245 1 4 _aThe Future of money and banking :
_ba united national non-bank payment system /
_cby Burnham P. Beckwith.
260 _aPalo Alto, CA :
_bB. P. Beckwith,
_c[1987?]
300 _av, 154 p. ;
_c24 cm.
504 _aIncludes bibliographical references.
500 _aIncludes index.
650 0 _aBanks and banking
_zUnited States
_xForecasting.
650 0 _aMonetary policy
_zUnited States
_xForecasting.
650 0 _aEconomic forecasting
_zUnited States.
651 0 _aUnited States
_xEconomic conditions
_y1981-
907 _a.b10059842
_b20-07-04
_c17-04-03
003
005 20230123133235.0
040 _cNUST
942 _cBOOKS
_kHG221
999 _c145182
_d145182